[Event "44th Guernsey Festival 2018"]
[Site "Vale"]
[Date "2018.10.24"]
[Round "4"]
[White "Hillarp Persson, Tiger"]
[Black "Le Roux, Jean-Pierre"]
[Result "1-0"]
[WhiteElo "2544"]
[BlackElo "2532"]
[Annotator "TA"]
[PlyCount "81"]
[EventDate "2018.10.21"]
[EventCountry "GCI"]
[SourceTitle "playchess.com"]
[Source "ChessBase"]
[SourceQuality "1"]

{[%evp 17,81,0,27,9,27,0,0,-12,3,-7,-7,-19,0,0,29,-8,9,0,0,3,31,31,38,0,0,0,0,0,0,0,0,0,0,0,0,0,0,0,0,0,0,0,0,0,39,6,21,57,113,67,169,107,127,107,143,101,112,129,273,262,295,267,421,405,556,518]} 1. c4 c5 2. Nf3 Nf6 3. Nc3 e6 4. g3 b6 5. Bg2 Bb7 6. O-O Be7 7. b3 d5 8. e3 O-O 9. Bb2 Na6 {[%cal Bb8a6,Ba6b4,Bb4c2][%mdl 32] LiveBook: 5 Games. A14: English Opening: 1...e6 with b3 by White} (9... dxc4 10. bxc4 Nc6 11. Qe2 Rc8 12. Ne1 Qd7 13. f4 Rfd8 14. Rd1 Na5 15. Bxb7 Qxb7 16. d3 a6 17. a4 Ne8 18. f5 Bf6 19. fxe6 fxe6 {0-1 (49) Giri,A (2771)-So,W (2812) Stavanger 2017}) 10. Qe2 d4 $146 ({Predecessor:} 10... dxc4 11. bxc4 Ne4 12. Ne5 Nxc3 13. Bxc3 Bxg2 14. Kxg2 Bf6 15. f4 Bxe5 16. Bxe5 Qd7 17. Bc3 {½-½ (48) Braga,C (2441)-Lebredo Zarragoitia,G (2285) Sao Paulo 2004}) 11. Nb5 {[%cal Re3d4]} d3 {The position is equal.} 12. Qd1 Nb4 13. a3 Nc2 {aiming for ...a6.} 14. Rc1 a6 15. Nc3 {[%cal Bb5c3,Bc3e2,Be2f4,Bf4d3][%mdl 32]} Nd7 16. Ne2 Bf6 17. Bxf6 Qxf6 ({Don't play} 17... gxf6 $6 18. Nf4 $16) 18. Nf4 Nxa3 19. Nxd3 e5 20. Ra1 (20. Nfe1 {seems wilder.} Bxg2 21. Kxg2 b5 22. cxb5 Qd6 23. bxa6 Rfb8 24. f4) 20... Nc2 $1 {[%cal Rc2a1]} 21. Nfxe5 Bxg2 $1 22. Nxd7 Qxa1 23. Qxa1 Nxa1 24. Rxa1 Rfd8 25. Nxb6 Rxd3 26. Kxg2 $11 {[%mdl 4096] Endgame KRR-KRN} Rb8 27. Na4 Rc8 28. Nc3 Rxd2 29. Rxa6 Rb2 30. Rb6 h5 31. Rb5 Ra8 32. Na4 Rb1 ({Black should play} 32... Rc2 $14) 33. h4 f5 {[#]} (33... Rxb3 $14 34. Rxb3 Rxa4) 34. Nxc5 ({Better is} 34. Kf3 $1 $18) 34... Ra2 $16 35. Nd3 Rd2 36. Nf4 Rbb2 37. Nh3 (37. Nxh5 {leads to mate.} Rxf2+ 38. Kg1 Rg2+ 39. Kf1 Rgc2 40. Nf6+ gxf6 41. Rb8+ Kg7 42. Rb7+ Kh6 43. Rh7+ Kxh7 44. h5 Rc1#) 37... g6 {[#]} (37... Rd3 $16 {was called for.}) 38. Kf3 $1 $18 Rb1 39. c5 Rh1 (39... Rdb2 {was necessary.} 40. Rb6 Kf7 41. Ng5+ Ke7 42. Rxg6 Rh1 43. Rg7+ Kf6 44. Rf7+ Ke5) 40. b4 Kf8 41. Rb8+ {Precision: White = 53%, Black = 34%.} 1-0

[Event "44th Guernsey Festival 2018"]
[Site "Vale"]
[Date "2018.10.25"]
[Round "4"]
[White "Povah, Nigel E"]
[Black "Korneev, Oleg"]
[Result "1-0"]
[WhiteElo "2303"]
[BlackElo "2560"]
[Annotator "TA"]
[PlyCount "151"]
[EventDate "2018.10.21"]
[EventCountry "GCI"]
[SourceTitle "playchess.com"]
[Source "ChessBase"]
[SourceQuality "1"]

{[%evp 16,151,0,0,28,6,28,18,19,2,6,20,28,16,10,25,37,49,133,135,157,83,304,302,334,314,297,197,202,181,268,260,272,277,515,513,504,412,415,395,733,714,676,370,420,333,299,289,270,270,280,283,258,175,194,0,306,249,365,339,332,314,504,499,512,537,553,558,542,553,524,547,550,539,499,0,290,267,483,454,497,490,458,477,433,313,320,298,638,617,682,639,616,440,749,853,854,762,716,856,852,852,846,846,783,783,782,782,782,763,748,737,722,704,900,890,29975,29976,29969,29967,29984,29985,29987,29987,29987,29988,29990,29990,29990,29984,29989,29989,29989,29987,29991,29992,29992,29991]} 1. d4 Nf6 2. Bf4 c5 3. e3 d5 4. c3 Nc6 5. Nd2 Bf5 6. Ngf3 e6 7. Qb3 {D00: 1 d4 d5: Unusual lines} (7. Be2 Bd6 8. dxc5 Bxc5 9. Nd4 Bg6 10. Qa4 O-O 11. Nxc6 bxc6 12. Qxc6 Rc8 13. Qa4 Re8 14. O-O e5 {0-1 (57) Le,Q (2737)-Ding,L (2777) Riadh 2017}) 7... Qc8 8. c4 cxd4 9. Nxd4 {LiveBook: 4 Games. The position is equal.} Bg6 $146 ({Predecessor:} 9... Nxd4 10. exd4 dxc4 11. Nxc4 Be4 12. Rc1 Qd8 13. Ne5 a6 14. Bc4 Bd5 {1-0 (31) Donchenko,A (2563)-Kanmazalp,O (2447) Minsk 2017}) 10. Nxc6 bxc6 11. cxd5 Nxd5 12. Bg3 Bb4 13. Rd1 a5 14. Be2 a4 15. Qc4 a3 16. e4 Bxe4 (16... axb2 $14 17. exd5 Bxd2+ 18. Kxd2 O-O) 17. Qxe4 $16 {aiming for b3.} axb2 18. Bd3 (18. O-O $142) 18... Ra4 $2 (18... Qb7 $16 {was called for.}) 19. O-O $18 Qa8 20. Bc2 Rxa2 21. Nb1 Be7 22. Be5 f6 (22... Bf6 $142 23. Bb3 Ra5 24. Bxf6 Nxf6) 23. Bc3 Kf7 24. Rfe1 e5 $2 (24... Qc8 25. Bb3 Ra7) 25. Bb3 {[%cal Rd1d5] And now Rxd5 would win.} Rb8 26. Bxa2 ({Not} 26. Bxd5+ cxd5 27. Rxd5 (27. Qxh7 Rh8 $16) 27... Ra1 $16) 26... Qxa2 27. Qxh7 Rb3 $2 (27... Qa4 28. h3 Qf4) 28. Qh5+ Kf8 29. Bd2 Bc5 30. Qg4 {Strongly threatening Qc8+.} Qa7 31. Rf1 Kf7 32. Qh5+ Kf8 33. Qh8+ Kf7 34. Qc8 Ne7 {[#]} 35. Qg4 $2 (35. Qd8 $1 $18) 35... Bd4 $2 {[%mdl 8192]} (35... Nd5 $1 $11) 36. Qe2 {Qc4+ is the strong threat.} Qa4 (36... Nd5 $142 37. Kh1 Kf8) 37. Kh1 Qb5 38. Qh5+ g6 $2 (38... Ng6 {was worth a try.} 39. f4 exf4) 39. Qh7+ Ke6 40. Bh6 {[%cal Bd2h6,Bh6f8,Bf8e7][%mdl 32]} c5 41. Bf8 Qe8 42. Bxe7 Rb7 43. f4 Rxe7 44. Qh3+ Kf7 45. Qh7+ $2 (45. fxe5 Bxe5 46. Nd2 Kg7 $18) (45. f5 $18 g5 46. Qh7+ Kf8 47. Qh6+ Rg7 48. Qxf6+ Kg8 {[#]} 49. Nc3 $1 {[%mdl 512]}) 45... Kf8 $2 {[%mdl 8192]} (45... Ke6 $1 $11 46. f5+ Kd6) 46. Qh6+ Kf7 $2 (46... Kg8 {might work better.} 47. f5 Rh7) 47. f5 ({Less strong is} 47. fxe5 Bxe5 48. Nd2 Kg8 $18) 47... Qg8 48. fxg6+ Qxg6 49. Qh3 e4 {Black hopes to continue with ...e3.} 50. Nc3 {[%cal Bb1c3,Bc3e2,Be2g3][%mdl 32] Black must now prevent Nd5.} e3 51. Ne2 Rb7 $2 (51... Qe4 52. Qh8 Qg6) 52. Rb1 Qe4 53. Ng3 Qd3 54. Qh5+ Ke6 (54... Kf8 $142 55. Qh3 Kf7) 55. Qe8+ Re7 56. Qc6+ Kf7 57. Qd5+ Ke8 {[#]} 58. Rxb2 $1 {[%cal Rb2b8][%mdl 512]} Qxf1+ (58... Bxb2 59. Qxd3) 59. Nxf1 {[%cal Rb2b8]} Bxb2 60. Ng3 Bd4 61. h4 {[%cal Bh2h4,Bh4h5][%mdl 32]} Re5 62. Qa8+ Kf7 63. Qa2+ Kg7 64. Qc2 Re8 65. h5 Rg8 66. Nf5+ {White mates.} Kh8 67. Qe4 Rg5 68. g4 Rg8 69. Kg2 Rg5 70. Kf3 Rg8 71. Qf4 {[%cal Rf4h6]} Rg5 72. Qb8+ Kh7 73. Qc7+ Kh8 74. Qd8+ Kh7 75. Qe7+ Kh8 76. Nxd4 {Precision: White = 65%, Black = 29%.} 1-0

[Event "44th Guernsey Festival 2018"]
[Site "Vale"]
[Date "2018.10.25"]
[Round "4"]
[White "Grieve, Harry"]
[Black "Curtis, John E"]
[Result "1/2-1/2"]
[WhiteElo "2292"]
[BlackElo "2042"]
[Annotator "TA"]
[PlyCount "132"]
[EventDate "2018.10.21"]
[EventCountry "GCI"]
[SourceTitle "playchess.com"]
[Source "ChessBase"]
[SourceQuality "1"]

{[%evp 9,132,4,4,4,4,3,8,3,5,0,3,5,7,10,12,10,9,5,14,5,0,5,8,-21,-11,-52,-52,-59,-44,-43,-39,-110,-78,-143,-143,-204,-192,-200,-199,-239,-220,-231,-229,-227,-230,-234,-231,-229,-239,-230,-233,-216,-224,-216,-179,-186,-186,-187,-186,-192,-187,-190,-198,-243,-182,-179,-147,-143,-139,-155,-81,-81,-81,-81,-46,-81,-74,-74,-36,-70,-70,-70,-67,-70,-46,-46,-46,-46,-46,-46,-46,-46,-46,-46,-46,-46,-44,-44,-44,-44,-44,-44,-44,-46,-31,-31,-31,-46,-31,-46,-46,-46,-46,-46,-46,-46,-46,-46,-46,-46,-46,-46,-46,-46,-46]} 1. d4 d6 2. Nf3 Bg4 3. b3 (3. g3 Bxf3 4. exf3 c6 5. Bg2 d5 6. O-O e6 7. Re1 Ne7 8. f4 g6 9. Nd2 Bg7 10. Nf3 Nd7 11. c3 c5 12. dxc5 Nxc5 {½-½ (25) Mamedyarov,S (2799)-Petrosian,T (2601) Riadh 2017}) 3... Bxf3 4. gxf3 g6 5. f4 $146 ({Predecessor:} 5. Bb2 Bg7 6. e3 c5 7. c3 cxd4 8. cxd4 Nf6 9. Nc3 Qa5 10. Qd2 O-O {1-0 (59) Savage,B (2150)-Williamson,K (1864) London 2002}) 5... Bg7 6. Bg2 {A41: 1 d4 d6: Tartakower System and Modern Defence} c6 7. Bb2 Nd7 8. Nd2 {The position is equal.} Nh6 9. Nf3 Nf6 10. O-O Nf5 11. c4 d5 12. e3 O-O 13. Qd3 e6 14. Rfc1 Re8 15. Rc2 Nh5 16. cxd5 exd5 17. Rac1 Bf8 18. a3 Bd6 19. b4 a6 20. Qb3 ({Better is} 20. Qd1 $15) 20... Qe7 21. Rb1 (21. Kh1 $142) 21... Nh4 $17 22. Bc1 (22. Rc3 $17) 22... Nxg2 23. Kxg2 Qe4 {...g5! is the strong threat.} 24. h3 Ng7 25. Rcb2 Nf5 26. Qd1 {[#]} g5 $1 {[%mdl 512]} 27. Rb3 (27. fxg5 Nh4+) 27... Kh8 28. Kf1 gxf4 29. exf4 Bxf4 30. Bxf4 Qxf4 31. Qc1 Qxc1+ 32. Rxc1 Re4 33. Rd1 Kg7 34. a4 f6 35. Rd2 Kf7 36. b5 axb5 37. axb5 Ra4 {[%cal Rf5d4]} 38. bxc6 bxc6 39. Rc2 Nxd4 ({Black should play} 39... Ra6 40. Rd3 Ke6) 40. Nxd4 Raxd4 41. Rxc6 {[%mdl 4096] Endgame KRR-KRR} Rf4 {Strongly threatening ...Rd2.} 42. Kg2 Kg6 43. Rd6 Kf5 44. Rbb6 {Black is slightly better.} Kg5 45. Rb5 Rf5 $1 46. Rb3 Rdf4 47. Rb2 Kh4 48. Rd2 Rg5+ 49. Kh2 Rf3 {[%csl Gh4][%cal Rf3h3] [#]} 50. Rd4+ Kh5 51. Rd2 Kg6 52. R6xd5 Rxd5 53. Rxd5 Rxf2+ $15 {KR-KR} 54. Kg3 Rf5 55. Rd8 Ra5 56. Rg8+ Kf5 57. Rh8 Ra7 58. Rf8 Rg7+ 59. Kf3 Kg5 60. h4+ Kf5 61. Ra8 Re7 62. Ra5+ Re5 63. Ra7 h6 64. Ra3 Rb5 65. Kg3 Kg6 66. Rf3 Ra5 {Precision: White = 58%, Black = 75%.} 1/2-1/2

[Event "44th Guernsey Festival 2018"]
[Site "Vale"]
[Date "2018.10.24"]
[Round "4"]
[White "Sedgwick, David"]
[Black "De Kruif, Kees"]
[Result "1-0"]
[WhiteElo "2013"]
[BlackElo "1979"]
[Annotator "NA"]
[PlyCount "57"]
[EventDate "2018.10.21"]
[EventCountry "GCI"]
[SourceTitle "playchess.com"]
[Source "ChessBase"]
[SourceQuality "1"]

1. e4 c5 2. Nc3 d6 3. f4 Nc6 4. Nf3 Bg4 5. h3 Bxf3 6. Qxf3 e6 7. Bb5 Nge7 8. d3 a6 9. Bxc6+ Nxc6 10. O-O Be7 11. Be3 Bf6 12. Rae1 Qb6 13. e5 Be7 14. exd6 Bxd6 15. Ne4 Be7 16. f5 O-O-O 17. fxe6 fxe6 18. Qg4 Nd4 19. Bxd4 cxd4 20. Nd2 Kb8 21. Qxe6 Qxe6 22. Rxe6 Bg5 23. Nc4 Rhe8 24. Re4 Rf8 25. g3 b5 26. Ne5 Rxf1+ 27. Kxf1 Rf8+ 28. Ke2 Rc8 29. Kd1 1-0

[Event "44th Guernsey Festival 2018"]
[Site "Vale"]
[Date "2018.10.24"]
[Round "4"]
[White "Haisma, Henk"]
[Black "Strade, Arita"]
[Result "1/2-1/2"]
[WhiteElo "1787"]
[BlackElo "1846"]
[Annotator "NA RC"]
[PlyCount "96"]
[EventDate "2018.10.21"]
[EventCountry "GCI"]
[SourceTitle "playchess.com"]
[Source "ChessBase"]
[SourceQuality "1"]

1. b4 d5 2. Bb2 Bf5 3. Nf3 e6 4. e3 Nf6 5. a3 c5 6. bxc5 {A00: Irregular Openings} Bxc5 7. d3 (7. d4 Bd6 8. c4 dxc4 9. Bxc4 O-O 10. O-O h6 11. Nbd2 Nbd7 12. Re1 Ne4 13. Nxe4 Bxe4 {0-1 (54) Gunawan,R (2395)-Pradeep,K (2331) Jakarta 2013}) 7... Nbd7 8. Nbd2 Rc8 9. Nb3 $146 ({Predecessor:} 9. Be2 O-O 10. O-O Bd6 11. Nd4 Bb8 12. Nxf5 exf5 {0-1 (28) Lorinczi Retek,P-Coto Aller,M Asturias 1998}) 9... Bd6 10. Be2 Nb6 11. a4 Bb4+ 12. Nbd2 a5 13. Nd4 O-O 14. O-O Bg6 15. Nb5 Re8 16. Nf3 Nfd7 17. Ne5 Nxe5 18. Bxe5 f6 19. Bb2 e5 20. c3 Bf8 $11 21. Bh5 Bxh5 22. Qxh5 Qd7 23. Qd1 Rc6 24. Qb3 Kh8 25. Rfd1 Qg4 26. Na7 Rce6 27. Nb5 f5 28. f3 Qg5 29. Bc1 Rg6 30. Ra2 Qh5 31. Rf1 Qh4 32. Kh1 Rc6 33. g3 Qf6 34. f4 Rec8 35. Bd2 Ra8 36. fxe5 Qxe5 37. Nd4 Rf6 38. Nf3 Qe8 39. Nd4 Qh5 40. Rf4 g5 41. g4 Qh3 42. Rf3 Qxg4 43. Rg3 Qh5 44. c4 dxc4 45. dxc4 Bb4 46. Bxb4 axb4 47. a5 f4 48. exf4 gxf4 1/2-1/2

[Event "44th Guernsey Festival 2018"]
[Site "Vale"]
[Date "2018.10.25"]
[Round "5"]
[White "Korneev, Oleg"]
[Black "Heppell, Ian N"]
[Result "1-0"]
[WhiteElo "2560"]
[BlackElo "2031"]
[Annotator "TA"]
[PlyCount "49"]
[EventDate "2018.10.21"]
[EventCountry "GCI"]
[SourceTitle "playchess.com"]
[Source "ChessBase"]
[SourceQuality "1"]

{[%evp 11,49,27,47,34,35,0,0,0,0,-10,0,-43,0,2,43,25,45,50,50,47,70,72,91,89,128,118,204,152,387,385,376,365,827,632,29989,29990,29991,29992,29995,29996]} 1. d4 f5 2. Nc3 d5 3. Bf4 Nf6 4. e3 c6 (4... a6 5. Nf3 e6 6. Bd3 c5 7. dxc5 Bxc5 8. O-O Nc6 9. Ne2 O-O 10. c4 Nb4 11. Nc3 Nxd3 12. Qxd3 dxc4 13. Qxc4 {0-1 (49) Gelfand,B (2761)-Nakamura,H (2776) Zuerich 2014}) 5. Nf3 e6 6. a3 {A80: Dutch Defence: Unusual White second moves} Be7 {LiveBook: 3 Games} 7. h3 O-O 8. g4 $146 {White is slightly better.} ({Predecessor:} 8. Bd3 Ne4 9. g4 Nd7 10. gxf5 exf5 11. Rg1 Nxc3 12. bxc3 Kh8 {1-0 (32) Werner,M (2023)-Hommer,J (1813) Vellmar 2016}) 8... Ne4 9. gxf5 exf5 10. Ne2 Nd7 11. Nc1 Ndf6 12. Nd3 Bd7 13. Rg1 Kh8 14. Nfe5 Be8 15. f3 Bh5 16. Qe2 Nd6 17. Qg2 $36 {[%csl Gg1][%cal Rg2g7][%mdl 2048] [#] White is on the roll.} Nde8 18. O-O-O Qa5 (18... Nd7 $16 {was necessary.}) 19. Bg5 Rd8 $2 (19... Qc7 $16 20. Bf4 Bd6) 20. Nf4 $18 Bf7 21. Bd3 g6 $2 {[#]} (21... Rd6 22. Bxf5 Qd8) 22. Bh6 Ng7 23. Nfxg6+ {White mates.} Bxg6 24. Nxg6+ hxg6 25. Bxg7+ {Precision: White = 70%, Black = 32%.} 1-0

[Event "44th Guernsey Festival 2018"]
[Site "Vale"]
[Date "2018.10.25"]
[Round "5"]
[White "Le Roux, Jean-Pierre"]
[Black "Sedgwick, David"]
[Result "1-0"]
[WhiteElo "2532"]
[BlackElo "2013"]
[Annotator "TA"]
[PlyCount "77"]
[EventDate "2018.10.21"]
[EventCountry "GCI"]
[SourceTitle "playchess.com"]
[Source "ChessBase"]
[SourceQuality "1"]

{[%evp 9,77,80,176,111,133,121,130,121,219,182,183,183,197,167,159,169,191,186,159,120,196,193,193,193,199,207,202,197,202,200,187,179,174,172,181,186,187,177,170,158,158,150,152,143,136,138,135,139,231,173,181,165,215,213,231,208,221,189,268,266,265,265,258,257,263,257,265,267,252,241]} 1. d4 {[%cal Bd2d4,Bd4c5][%mdl 32]} d5 2. Nf3 c5 3. dxc5 Nc6 4. a3 a5 5. Nc3 (5. e4 dxe4 6. Qxd8+ Kxd8 7. Ng5 Ke8 8. Nxe4 Nf6 9. Nxf6+ gxf6 10. Nc3 Bf5 11. Be3 Bxc2 {1-0 (54) Michalik,P (2554)-Ponizil,C (2497) Czech Republic 2017}) 5... d4 {[#]} (5... Nf6 $16 {ist eine bessere Verteidigung.}) 6. Nb5 {D02: Damenbauernspiele} ({Lieber} 6. Na4 $1 $18) 6... e5 $16 7. e3 {[%cal Be2e3,Be3d4][%mdl 32]} Bxc5 $146 ({Vorgänger:} 7... Bg4 8. Be2 Bxf3 9. Bxf3 Bxc5 10. exd4 Bxd4 11. Nxd4 exd4 {1-0 (73) Matlak,M (2420)-Orsag,M (2375) Karvina 1992}) 8. exd4 {Weiß steht besser.} Bb6 (8... Nxd4 $16 9. Nfxd4 (9. Nxe5 Qe7 $16) 9... Bxd4) 9. Bg5 f6 10. Be3 Bg4 11. Be2 Bxf3 12. Bxf3 {Und De2 würde nun gewinnen.} ({Keinesfalls} 12. gxf3 $6 exd4 13. Bf4 Nge7 $14) 12... Nxd4 13. Bxd4 exd4 14. Qd3 {Droht stark 0-0-0.} Ne7 (14... Qe7+ $16 15. Kf1 Qd7 16. Bxb7 Rb8) 15. O-O-O O-O 16. Nxd4 {[#] Und weiter mit Db3+ wäre nett.} Bxd4 17. Qxd4 {Droht Dc4+ und aus.} Qc7 18. Qd6 Rac8 {[%csl Gc8][%cal Rc7c2]} 19. Qxc7 Rxc7 20. Rhe1 Rfc8 21. Rd2 Ng6 22. Re6 Ne5 23. Bd5 {[%cal Re6e8]} Kf8 24. Rb6 Rb8 25. Rb5 b6 26. Bb3 Rd7 27. Rbd5 Rxd5 28. Rxd5 {[%mdl 4096] Endspiel KTL-KTS} b5 (28... Ke7 $16 29. f4 Nd7) 29. a4 bxa4 30. Bxa4 Rc8 31. Rxa5 Nd3+ 32. Kb1 Nxf2 33. Ra7 Rb8 (33... Ne4 $142 34. c3 Rd8) 34. Bb3 $18 {Weiß hat entscheidenden Vorteil.} Ne4 35. Rf7+ Ke8 36. Rxg7 {zielt auf Tg8+ ab.} Nd2+ 37. Kc1 Nxb3+ 38. cxb3 Rxb3 39. Rxh7 {Precision: Weiß = 70%, Schwarz = 56%.} 1-0

[Event "44th Guernsey Festival 2018"]
[Site "Vale"]
[Date "2018.10.25"]
[Round "5"]
[White "Povah, Nigel E"]
[Black "Hillarp Persson, Tiger"]
[Result "0-1"]
[WhiteElo "2303"]
[BlackElo "2544"]
[Annotator "TA"]
[PlyCount "42"]
[EventDate "2018.10.21"]
[EventCountry "GCI"]
[SourceTitle "playchess.com"]
[Source "ChessBase"]
[SourceQuality "1"]

{[%evp 11,42,-58,-8,-29,-11,-34,0,-95,-95,-114,-113,-112,-120,-112,-114,-120,-138,-181,-181,-181,-179,-166,-175,-201,-203,-198,-135,-224,-178,-216,-191,-260,-258]} 1. d4 e6 2. Bf4 f5 3. h3 (3. Nf3 Nf6 4. h3 g6 5. c4 Bg7 6. Nc3 O-O 7. e3 d6 8. Be2 Qe7 9. O-O Nc6 10. Rc1 b6 11. d5 Nd8 12. dxe6 Nxe6 {½-½ (34) Dvirnyy,D (2541)-Del Rio de Angelis,S (2524) Las Palmas 2017}) 3... Nf6 4. g4 d5 5. Nf3 Bd6 6. Ne5 {A40: Unusual replies to 1 d4} Ne4 {LiveBook: 3 Games} 7. e3 Qh4 $146 {[%csl Ge4][%cal Rh4f2] [#]} ({Predecessor:} 7... O-O 8. gxf5 Qh4 9. Rh2 Rxf5 10. Qg4 Qe7 11. Bd3 Bxe5 12. Bxe5 Rg5 {0-1 (26) Mozny,M (2346)-Vedral,O (2296) Czechia 2011}) 8. Qf3 {The position is equal.} Nd7 9. Rg1 (9. gxf5 $11 {keeps the balance.} O-O 10. Nd2) 9... Bxe5 $17 10. Bxe5 Nxe5 11. dxe5 O-O $36 {[%mdl 2048] [#] Threatens to win with ...fxg4. Black is really pushing.} 12. g5 Nxg5 13. Qg2 h6 {White must now prevent ...f4.} 14. Nc3 f4 {Hoping for ...fxe3.} 15. O-O-O fxe3 16. fxe3 Qf2 17. e4 c6 18. Rd2 Qxg2 (18... Qe3 $19 19. Bd3 Rf7) 19. Rdxg2 (19. Bxg2 $17 {was worth a try.} Rf4 20. Ne2) 19... Rf4 20. Rg3 Bd7 ({Less strong is} 20... dxe4 21. Bg2 $15) 21. Bd3 (21. Bg2 {keeps fighting.}) 21... Raf8 {Precision: White = 34%, Black = 69%.} 0-1

[Event "44th Guernsey Festival 2018"]
[Site "Vale"]
[Date "2018.10.25"]
[Round "5"]
[White "Rosen, Daniel B"]
[Black "Prins, Jan"]
[Result "1/2-1/2"]
[WhiteElo "2081"]
[BlackElo "2003"]
[Annotator "NA"]
[PlyCount "36"]
[EventDate "2018.10.21"]
[EventCountry "GCI"]
[SourceTitle "playchess.com"]
[Source "ChessBase"]
[SourceQuality "1"]

{[%evp 8,36,-9,-31,-15,32767,32767,32767,32767,32767,32767,15,7,22,29,32767,32767,32767,32767,30,77,21,32767,0,21,12,32767,8,26,32767,18]} 1. e4 c5 2. Nc3 Nc6 3. f4 g6 4. Nf3 Bg7 5. Bc4 e6 6. O-O d6 7. d3 Nd4 8. Nxd4 cxd4 9. Ne2 Ne7 10. Qe1 O-O {LiveBook: 37 Games} 11. Qf2 {B23: Closed Sicilian: Lines without g3} (11. Bb3 a5 12. a4 d5 13. e5 Nc6 14. Kh1 b6 15. Bd2 f6 16. exf6 Bxf6 17. Ng1 Ra7 18. Nf3 Raf7 19. Qe2 {½-½ (42) Benjamin,J (2565)-Sandipan,C (2546) Philadelphia 2006}) 11... Qb6 12. Bb3 $146 ({Predecessor:} 12. c3 dxc3 13. bxc3 Qxf2+ 14. Rxf2 a6 15. a4 Bd7 16. Ba3 b5 17. Bb3 bxa4 18. Bc2 Nc8 {½-½ (58) Vuckovic,Z (1458)-Zienert,R (1649) Oberhof 2012}) 12... Qc5 13. Bd2 b5 14. Qh4 d5 15. Ng3 a5 16. a4 $11 b4 17. Rae1 Ra7 18. Re2 f5 1/2-1/2

[Event "44th Guernsey Festival 2018"]
[Site "Vale"]
[Date "2018.10.25"]
[Round "5"]
[White "Havenaar, Jan"]
[Black "Thurlow, Kevin J"]
[Result "1/2-1/2"]
[WhiteElo "2043"]
[BlackElo "2002"]
[Annotator "NA"]
[PlyCount "41"]
[EventDate "2018.10.21"]
[EventCountry "GCI"]
[SourceTitle "playchess.com"]
[Source "ChessBase"]
[SourceQuality "1"]

{[%evp 8,35,-19,-20,-23,-4,8,0,17,-46,-20,-23,-25,-37,-34,32767,32767,32767,32767,32767,0,-18,32767,32767,32767,32767,12,-37,-31,-34]} 1. Nc3 d5 2. e4 d4 3. Nce2 e5 4. Ng3 Be6 5. c3 c5 {A00: Irregular Openings} (5... a6 6. Nf3 Nc6 7. d3 f6 8. a3 Qd7 9. Be2 O-O-O 10. c4 h5 11. h4 Nge7 12. b4 Ng6 13. Rb1 {½-½ (60) Stephan,J (2568)-Ludgate,A (2494) ICCF email 2015}) 6. Bb5+ Nd7 7. Nf3 Bd6 {LiveBook: 10 Games} 8. Qe2 (8. b4 $11) 8... a6 9. Bc4 Bxc4 10. Qxc4 Ne7 11. d3 $146 ({Predecessor:} 11. Ng5 O-O 12. Ne6 fxe6 13. Qxe6+ Kh8 14. Qxd6 Rf6 {0-1 (14) Bauer,C-Boidman,Y (2422) Mehlingen 2000}) 11... b5 12. Qb3 Rc8 13. O-O Qc7 14. Qd1 f6 15. Bd2 O-O 16. Rc1 Qb8 17. Nf5 $15 (17. cxd4 $11 exd4 18. b4) 17... Nxf5 18. exf5 Nb6 19. Qe2 Rfe8 20. Qe4 Qa8 21. Qxa8 1/2-1/2

[Event "44th Guernsey Festival 2018"]
[Site "Vale"]
[Date "2018.10.25"]
[Round "5"]
[White "Curtis, John E"]
[Black "Cornelisse, John"]
[Result "0-1"]
[WhiteElo "2042"]
[BlackElo "2184"]
[Annotator "TA"]
[PlyCount "102"]
[EventDate "2018.10.21"]
[EventCountry "GCI"]
[SourceTitle "playchess.com"]
[Source "ChessBase"]
[SourceQuality "1"]

{[%evp 23,102,10,12,2,12,-18,39,54,57,39,53,48,58,65,50,0,49,54,60,-12,83,45,83,92,112,54,44,45,59,0,0,0,0,-11,-11,-37,-46,-41,-41,-46,-46,-178,-179,-168,-147,-144,-105,-104,-84,-89,-94,-89,-97,-159,-77,-80,-68,-75,-74,-76,0,-8,-2,-10,0,-14,-14,-57,0,-8,-8,-8,-4,-8,-8,-524,-521,-29996,-29997,-29997,-29998]} 1. d4 c5 2. d5 Nf6 3. Nc3 d6 4. e4 g6 5. Nf3 Bg7 6. Bb5+ Bd7 7. a4 O-O 8. O-O Bxb5 9. axb5 Nbd7 10. Re1 {A43: Schmid Benoni} Ne8 {[%cal Bf6e8,Be8c7,Bc7a6,Ba6b4][%mdl 32]} 11. Bf4 Nb6 12. Qd3 Nc7 {LiveBook: 3 Games} 13. Rad1 Qd7 14. e5 a6 $146 (14... c4 $11 15. Qe4 Nxb5) ({Predecessor:} 14... Rad8 15. exd6 exd6 16. Ne4 c4 17. Qd2 Ncxd5 18. Bxd6 {1-0 (28) Swiercz,D (2627)-Brodowski,P (2441) Trzcianka 2014}) 15. bxa6 $14 Nxa6 16. Qe4 Nb4 17. h4 Rfd8 18. h5 Qf5 19. hxg6 Qxg6 20. exd6 exd6 21. Bg5 (21. Nh4 $1 $14 Qxe4 22. Rxe4) 21... f6 (21... Rd7 $1 $11 {keeps the balance.}) 22. Qe6+ $16 Qf7 23. Bf4 Nc4 24. Nb5 (24. b3 $16 Ne5 25. Rd2 (25. Bxe5 Qxe6 26. dxe6 dxe5 $11)) 24... Nxb2 $14 25. Rb1 Nc4 26. Nxd6 (26. Red1 $14) 26... Qxe6 $11 27. Rxe6 Na3 $36 {[%mdl 2048] Black is pushing.} 28. Rd1 {c3 is the strong threat.} Naxc2 29. Nxb7 Rxd5 30. Rxd5 Nxd5 31. Bd2 Bf8 32. Rc6 ({White should try} 32. Nxc5 $15 Ra1+ 33. Kh2) 32... Ncb4 $19 33. Bxb4 cxb4 34. Nd4 Kf7 35. Nd6+ Ke7 {Threatens to win with ...b3!} 36. Ne4 Ra1+ 37. Kh2 Rd1 38. Nb3 {[#]} Kd7 (38... Kf7 $142 $1 {And now ...Rd3 would win.} 39. Ned2 Bh6) 39. Ra6 $17 Be7 40. g3 f5 41. Ned2 Re1 (41... f4 $17 42. g4 {[#]} Ne3 $1 {[%mdl 512]} 43. fxe3 fxe3) 42. Kg2 $11 f4 {White should prevent ...fxg3.} 43. g4 Nf6 44. Kf3 Rg1 45. Kxf4 Bd6+ (45... Rxg4+ $15 46. Kf5 Rh4) 46. Kf5 Nxg4 47. Ra7+ Bc7 48. Nc5+ Kc6 {aiming for ...Bb6.} 49. Ne6 $2 {[%mdl 8192]} (49. Nd3 $11) 49... Nh6+ $19 50. Kf6 Rg6+ 51. Ke7 Bd6+ {Precision: White = 38%, Black = 39%.} 0-1